000 01151nam a2200265 4500
001
003
005 20220525131557.0
008 930125s1990 sp | |||| ||spa d
020 _a8434544903
040 _aBPMSU
_bspa
_cBPMSU
082 _aR503
_bE56s 1990
_222
245 0 0 _aEnciclopedia Salvat de ciencia y técnica /
_cdirector Juan Salvat ; prólogo Pedro Laín Entralgo.
246 1 8 _5Ciencia y técnica
260 _aBarcelona
_bSalvat Editores
_c1990
300 _av. :
_bil., mapas [col.] ;
_c29 cm
505 0 _av.1 Abaco-Arbol. -- v.2 Arco-Biología. -- v.3 Bioluminiscencia-Cirugía. -- v.4 Cirugía-Detector. -- v.5 Detergente-Esqui. -- v.6 Estadística-Gemología. -- v.7 Gen-Ingeniería. -- v.8 Ingeniería-Mapa. -- v.9 Mapas-Motor. -- v.10 Motor Diesel-Pelo. -- v.11 Percepción-Radio. -- v.12 Radio-Soja. -- v.13 Sol-Sanguinea. -- v.14 Transistor-Zootecnía ; Indice.
650 4 _aCiencias
_vEnciclopedias
650 4 _aTecnología
_vEnciclopedia
700 1 _aSalvat, Juan,
_d1931-
700 1 _aLaín Entralgo, Pedro,
_d1908-2001.
710 2 _aSalvat Editores
910 _aVMateo V.
942 _2ddc
_cBK
999 _c14215
_d14215